Normal view
MARC view
Entry Personal Name
001 - CONTROL NUMBER
- control field: 22802
003 - CONTROL NUMBER IDENTIFIER
- control field: dpl
005 - DATE AND TIME OF LATEST TRANSACTION
- control field: 20101005114416.0
008 - FIXED-LENGTH DATA ELEMENTS
- fixed length control field: 101005|||a|||||| | ||| d
040 ## - CATALOGING SOURCE
- Original cataloging agency: dpl
- Transcribing agency: dpl
100 ## - HEADING--PERSONAL NAME
- Personal name: तिवारी, रामानुज
670 ## - SOURCE DATA FOUND
- Source citation: Work cat.: (dpl)34315: तिवारी, रामानुज, इन्दिरा प्रियदर्शिनीः, 2010
670 ## - SOURCE DATA FOUND
- Source citation: Work cat.: (dpl)34315: तिवारी, रामानुज, इन्दिरा प्रियदर्शिनीः, 2010
